| 000 | 00872cam a2200277 a 4500 | ||
|---|---|---|---|
| 942 | _cBK | ||
| 999 |
_c651 _d651 |
||
| 001 | 13784749 | ||
| 003 | OSt | ||
| 005 | 20250420134820.0 | ||
| 008 | 041117s2006 maua b 000 0 eng | ||
| 010 | _a 2004116654 | ||
| 020 | _a9780618412877 | ||
| 040 |
_aDLC _cKCST |
||
| 050 | 0 | 0 |
_aPE1417 _b.D615 2006 |
| 082 |
_a808.0427 _bDo So |
||
| 100 | 1 |
_aDollahite, Nancy E. _95203 |
|
| 245 | 1 | 0 |
_aSourcework : _bacademic writing from sources / _cNancy E. Dollahite, Julie Haun. |
| 260 |
_aBoston : _bHoughton Mifflin, _cc2006. |
||
| 300 |
_axvi, 223 p. : _bill. ; _c28 cm. |
||
| 504 | _aIncludes bibliographical references (p. 222). | ||
| 650 | 0 |
_aCollege readers. _95204 |
|
| 650 | 0 |
_aEnglish language _xRhetoric _vProblems, exercises, etc. _95205 |
|
| 650 | 0 |
_aReport writing _vProblems, exercises, etc. _95206 |
|
| 700 | 1 |
_aHaun, Julie. _95207 |
|
| 942 | _2ddc | ||